Revenue Statistics in Africa 1990-2015 Statistiques des recettes publiques en Afrique 1990-2015
Salvato in:
| Natura: | Libro |
|---|---|
| Lingua: | inglese francese |
| Pubblicazione: |
Paris
OECD
2017
|
| Soggetti: | |
| Tags: |
Nessun Tag, puoi essere il primo ad aggiungerne!!
|
MARC
| LEADER | 00000nam a2200000 4500 | ||
|---|---|---|---|
| 001 | 0240973 | ||
| 005 | 20221221134055.8 | ||
| 020 | |a 978-92-64-28084-7 | ||
| 041 | 0 | |a eng | |
| 041 | 0 | |a fre | |
| 044 | |a FR | ||
| 245 | 1 | 0 | |a Revenue Statistics in Africa 1990-2015 |b Statistiques des recettes publiques en Afrique 1990-2015 |
| 264 | 1 | |a Paris |b OECD |c 2017 | |
| 300 | |a 285 s. | ||
| 610 | 2 | 0 | |a štatistika |
| 610 | 2 | 0 | |a príjmy |
| 610 | 2 | 0 | |a dane |
| 610 | 2 | 0 | |a klasifikácia |
| 610 | 2 | 0 | |a politika daňová |
| 610 | 2 | 0 | |a účty národné |
| 610 | 2 | 0 | |a zabezpečenie sociálne |
| 610 | 2 | 0 | |a financovanie |
| 610 | 2 | 0 | |a banky |
| 610 | 2 | 0 | |a stabilita finančná |
| 610 | 2 | 0 | |a poistenie vkladov |
| 610 | 2 | 0 | |a údaje štatistické |
| 610 | 2 | 0 | |a porovnanie štatistické medzinárodné |
| 610 | 2 | 0 | |a Afrika |
| 610 | 2 | 0 | |a OECD |
| 610 | 2 | 0 | |a 1990-2015 |